Danish players at Fifa World Cup - Statistics

General Stats
  • This quiz has been taken 78 times
  • The average score is 32 of 90
Answer Stats
Hint Answer % Correct
1998 GK Peter Schmeichel
93%
1998 MF Brian Laudrup
75%
2002 GK Thomas Sørensen
75%
2010 GK Thomas Sørensen
75%
1986 MF Michael Laudrup
71%
1998 MF Michael Laudrup
71%
2010 FW Nicklas Bendtner
71%
1986 FW Preben Elkjær
68%
2002 FW Dennis Rommedahl
64%
2002 FW Jon Dahl Tomasson
64%
2010 FW Jon Dahl Tomasson
64%
1986 DF Morten Olsen
61%
2010 DF Daniel Agger
57%
2010 MF Dennis Rommedahl
57%
1998 MF Martin Jørgensen
57%
2002 MF Martin Jørgensen
57%
2010 MF Martin Jørgensen
57%
2010 MF Christian Eriksen
54%
2002 MF Jesper Grønkjær
54%
2010 MF Jesper Grønkjær
54%
1998 MF Stig Tøfting
54%
2002 MF Stig Tøfting
54%
1986 MF Allan Simonsen
50%
1998 FW Ebbe Sand
50%
2002 FW Ebbe Sand
50%
2010 DF Simon Kjær
50%
2010 DF Simon Poulsen
50%
2010 FW Søren Larsen
50%
2010 MF William Kvist
50%
2002 MF Thomas Gravesen
46%
1998 DF Thomas Helveg
46%
2002 DF Thomas Helveg
46%
1986 MF Frank Arnesen
43%
1986 GK Lars Høgh
39%
2010 DF Lars Jacobsen
39%
2002 MF Christian Poulsen
36%
2010 MF Christian Poulsen
36%
2010 MF Jakob Poulsen
36%
1998 GK Mogens Krogh
36%
1998 FW Peter Møller
36%
1986 MF Jan Mølby
32%
1998 DF Jes Høgh
32%
1986 MF Jesper Olsen
32%
1998 DF René Henriksen
32%
2002 DF René Henriksen
32%
1986 MF Søren Lerby
32%
2010 GK Stephan Andersen
32%
1998 MF Allan Nielsen
29%
1998 DF Jan Heintze
29%
2002 DF Jan Heintze
29%
2002 DF Martin Laursen
29%
1998 MF Morten Wieghorst
29%
2002 DF Niclas Jensen
29%
2010 MF Thomas Kahlenberg
29%
2002 MF Claus Jensen
25%
2002 GK Jesper Christiansen
25%
2010 GK Jesper Christiansen
25%
1998 DF Marc Rieper
25%
1986 GK Ole Qvist
25%
1998 GK Peter Kjær
25%
2002 GK Peter Kjær
25%
2010 MF Thomas Enevoldsen
25%
1986 GK Troels Rasmussen
25%
1998 MF Bjarne Goldbæk
21%
2010 MF Daniel Jensen
21%
1986 DF Ivan Nielsen
21%
1986 FW John Eriksen
21%
2002 FW Peter Madsen
21%
1986 FW Flemming Christensen
18%
1998 DF Jacob Laursen
18%
2002 MF Jan Michaelsen
18%
1986 DF John Sivebæk
18%
1998 FW Miklos Molnar
18%
2010 DF Patrick Mtiliga
18%
1998 MF Per Frandsen
18%
1986 DF Søren Busk
18%
2010 MF Mikkel Beckmann
14%
2010 DF Per Krøldrup
14%
1998 DF Søren Colding
14%
2002 DF Steven Lustū
14%
2002 MF Brian Steen Nielsen
11%
1986 DF Henrik Andersen
11%
1986 MF Jens Jørn Bertelsen
11%
2002 DF Kasper Bøgelund
11%
1986 MF Per Frimann
11%
2002 FW Peter Løvenkrands
11%
1986 DF Kent Nielsen
7%
1986 MF Klaus Berggren
7%
1986 MF Jan Bartram
4%
1998 DF Michael Schønberg
4%
No matching quizzes found
Score Distribution
Percent of People with Each Score
Percentile by Number Answered
Your Score History
You have not taken this quiz